000 00712nam a22002057a 4500
999 _c20535
_d20535
003 AR-CdUCM
008 190531b ||||| |||| 00| 0 spa d
040 _aMUNICIPALIDAD PROVINCIAL DEL CUSCO
_cBIBLIOTECA MUNICIPAL DEL CUSCO
082 _a869.038 /
_bL28
100 _aLatcham, Ricardo A.
_935981
245 _aAntología del cuento hispanoamericano contemporáneo :
_b1910 - 1956 /
260 _aSantiago de Chile :
_bEdit. Zig-Zag,
_c1958.
300 _a450 páginas ;
_c21 cm.
505 _aContenido: I -- II -- III -- IV.
650 _aAutores latinoamericanos
_9604
650 _aCuento latinoamericano
_942933
650 _aBiobibliografía
_97105
942 _2ddc
_cLIBROS
945 _adavv
_d2019-05-31